Loading...
Literature - American Lit | 0 | 4 | 0 | 1 | 40 | 84 | 121.25 | 0 | 2 |
Literature - World Lit | 0 | 4 | 0 | 0 | 40 | 88 | 103.25 | 0 | 1 |
Other - Pop Culture | 2 | 1 | 0 | 1 | 40 | 54 | 85.00 | 2 | 2 |
Thought - Social Science | 2 | 1 | 0 | 1 | 40 | 42 | 76.00 | 0 | 2 |
Literature - World Lit | 1 | 2 | 0 | 0 | 35 | 76 | 80.33 | 1 | 2 |
Literature - British Lit | 0 | 4 | 1 | 1 | 35 | 90 | 128.50 | 0 | 1 |
History - Euro History | 0 | 3 | 0 | 2 | 30 | 121 | 127.33 | 0 | 1 |
Arts - Painting | 0 | 3 | 0 | 3 | 30 | 132 | 140.00 | 0 | 0 |
Thought - Philosophy | 1 | 1 | 0 | 1 | 25 | 43 | 78.00 | 1 | 1 |
Literature - American Lit | 0 | 2 | 0 | 0 | 20 | 117 | 128.50 | 0 | 1 |
Other - Pop Culture | 0 | 2 | 0 | 0 | 20 | 112 | 122.00 | 0 | 2 |
Science - Biology | 0 | 2 | 0 | 0 | 20 | 74 | 86.00 | 0 | 1 |
Thought - Social Science | 1 | 1 | 2 | 0 | 15 | 41 | 52.50 | 1 | 2 |
Beliefs - Religion | 0 | 2 | 1 | 1 | 15 | 88 | 107.00 | 0 | 0 |
Science - Chemistry | 0 | 1 | 0 | 0 | 10 | 112 | 112.00 | 0 | 0 |
Science - Other Science | 0 | 1 | 0 | 0 | 10 | 110 | 110.00 | 0 | 0 |
Other - Other Academic | 0 | 1 | 0 | 1 | 10 | 128 | 128.00 | 0 | 0 |
Thought - Philosophy | 0 | 1 | 0 | 0 | 10 | 60 | 60.00 | 0 | 1 |
Literature - Euro Lit | 0 | 1 | 0 | 0 | 10 | 109 | 109.00 | 0 | 0 |
History - Other History | 0 | 1 | 0 | 1 | 10 | 136 | 136.00 | 0 | 0 |
Beliefs - Mythology | 0 | 1 | 1 | 0 | 5 | 129 | 129.00 | 0 | 0 |
Other - Geo/CE | 0 | 1 | 1 | 1 | 5 | 120 | 120.00 | 0 | 0 |
Science - Biology | 0 | 0 | 0 | 0 | 0 | 0.00 | 0 | 0 | |
Literature - Euro Lit | 0 | 1 | 2 | 0 | 0 | 129 | 129.00 | 0 | 0 |
History - Euro History | 0 | 0 | 1 | 0 | -5 | 0.00 | 0 | 0 | |
Other - Other Academic | 0 | 0 | 1 | 0 | -5 | 0.00 | 0 | 0 |